Statistics for JetPunk Mini-Games - Click Quiz

Click here to take the quiz!

General Stats

  • This quiz has been taken 13 times
  • The average score is 9 of 20

Answer Stats

HintAnswer% Correct
...is based mostly on math ?Number Factoring Game (Taxman)
92%
...is specialized on exactly one country ?U.S. State Puzzle
83%
...consists of matching tiles ?Geography Snap
75%
...has orange and blue for main colours ?Even Split
58%
...has its logo on its page ?Geography Snap
58%
...is the newest ?JetPunk Word Search
58%
...had a major update in November 2022 ?Geography Snap
50%
...was "100 %'ed" by exactly 3 people ?JetPunk Word Search
50%
...disappeared for two months then got brought back ?JetPunk Word Search
50%
...has a timer but no leaderboards ?U.S. State Puzzle
50%
...was the first one created by Stewart ?Even Split
42%
...is based on a 2 minutes timer ?Even Split
42%
...does not use either an SVG or a PNG as its logo ?Number Factoring Game (Taxman)
42%
...is the least played ?Even Split
33%
...is the most played ?JetPunk Word Search
33%
...has no comments ?JetPunk Word Search
33%
Which JetPunk Mini-Game...Number Factoring Game (Taxman)
33%
...was the last one created by Quizmaster ?U.S. State Puzzle
25%
...has a public and live counter on its page ?Geography Snap
17%
...has the most comments below ?Number Factoring Game (Taxman)
17%

Score Distribution

Percentile by Number Answered

Percent of People with Each Score

Your Score History

You have not taken this quiz